| 000 | 01109cam a22001934a 4500 | ||
|---|---|---|---|
| 005 | 20250605164358.0 | ||
| 008 | 250528s ||||||||||||||||||||||||d | ||
| 035 | _a24463 | ||
| 040 |
_aGR-AtMCL _bgre _dGR-AtMCL _eAACR2 |
||
| 245 | 1 | _aΠροτεραιότητα μας η Διεύρυνση της Τηλεοπτικής Εμπειρίας | |
| 260 | _c2016 | ||
| 300 | _a50 | ||
| 520 | _aBrands και Ξένες Σειρές: Τα Καλύτερα 'Φιλαράκια', Τα Ermis Awards τώρα και σε Φεστιβάλ, Amstel: Στόχος μας η Διεύρυνση της Αγοράς Μπίρας στην Ελλάδα, Επιστροφή στην Ύφεση για τα Super Markets το 2015, Ενίσχυση της Εμπιστοσύνης και Εφόδιο Ανάπτυξης, Τα Brands 'Ξυπνούν' τους Καταναλωτές με Δυναμική Επικοινωνία και Υγιεινές Προτάσεις. | ||
| 700 | 1 |
_aΚορδελάς Δημήτρης _99464 |
|
| 942 | _cCR | ||
| 710 | 2 |
_aThe Marketing Week _99825 |
|
| 999 |
_c9342 _d9342 |
||